| 000 | 00556nam a2200217 a 4500 | ||
|---|---|---|---|
| 001 | BRL_176 | ||
| 005 | 20190320210624.0 | ||
| 008 | 071212s1913----mx-a######---#000-0#spa-u | ||
| 041 | _aspa | ||
| 044 | _amx | ||
| 050 | 4 |
_aTP588.P8 _b.R88 1913 |
|
| 245 | 1 | 0 | _a¿Cómo se obtiene mejor y más abundante producción de aguamiel?. |
| 260 |
_a[México] _c1913 |
||
| 300 |
_a40 p. _bil. _c24 cm. |
||
| 500 | _aIncluye 30 h. en blanco al final | ||
| 500 | _aAu2292 | ||
| 650 | 1 | 4 |
_aMaguey _923128 |
| 650 | 1 | 4 |
_aPulque _923129 |
| 902 | _aGRL | ||
| 942 |
_2lcc _cB |
||
| 999 |
_c8989 _d8989 |
||